000 01209nam a2200349 i 4500
003 EG-GICUC
005 20260514183607.0
008 260514s1957 fr a f|||| 00|10bbfredd
040 _aEG-GiCUC
_bfre
_cEG-GiCUC
_dEG-GiCUC
_eRda
041 0 _afre
082 0 4 _221
_a345.49
_bBR . C
092 0 4 _221
099 _aLaw1 07 345.49 BR . C 1957 0705163 C1
100 1 _aBraibant, Guy
_eAuteur
245 1 2 _aLe Controle De L'administration Et La Protection Des Citoyens :
_bEtude Comparative
_cPar JGuy Braibant, Nicole Questiaux, Céline Wiener.
264 1 _aParis :
_bÉditions Cujas,
_c1957.
300 _a325 page ;
_c 24 cm.
336 _2rda contenu
_a texte
337 _2rda medias
_aOrdinateur
338 _2 transporteur rda
_a Ressource en ligne
500 _aIndex Pages : 319-325.
504 _aComprend des références bibliographiques et un index.
546 _aTexte en français
650 1 4 _aDroit administratif
_2qrmak
650 1 4 _aContrôle administratif
651 1 _2qrmak
700 1 _aQuestiaux, Nicole
_eAuteur
700 1 _aWiener, Céline
_eAuteur
856 4 0 _uhttps://fll.law.cu.edu.eg/fulltext/bks/B07-05163.pdf
905 _a164
942 _2ddc
_cBK
_e21
_n0
999 _c76909
_d76909